| 000 | 00655cam a2200229 i 4500 | ||
|---|---|---|---|
| 001 | 34405 | ||
| 005 | 20230410103722.0 | ||
| 008 | 070115b2005 sp a 000 0 spa | ||
| 020 | _a8493411841 | ||
| 041 | 0 | _aSpa | |
| 050 | 1 | 4 |
_a315 DP 86 _bK64m 2005 |
| 100 | 1 | _aKlein, León | |
| 245 | 0 | 0 |
_aMarruecos, la amenaza : _bsu guerra de baja cota contra España / _cKlein León |
| 250 | _a1 ed. | ||
| 260 |
_aBarcelona: _bPyre, _c2005 |
||
| 300 | _a284 p. | ||
| 490 | 0 | _aColección geopolítica | |
| 651 | 0 |
_aSpain _xRelations _zMorocco. |
|
| 651 | 0 |
_aMorocco _xRelations _zSpain |
|
| 651 | 0 |
_aSpain _xPolitics and government _y1886-1931. |
|
| 942 |
_2lcc _cbk |
||
| 999 |
_c24488 _d24488 |
||